000 01498nab a2200277 a 4500
005 20260225064013.0
008 991125c2017 mx qr p o 000 0 spa d
035 _aUPN01000220048
040 _aUPN
_bspa
_cUPN
_eaacr2
049 _aART-E
100 1 _aGallardo Ocampo, Andrea
245 1 3 _aLa enseñanza del arte desde una perspectiva hermenéutico fenomenológica
_h[recurso electrónico en línea]
506 0 _aAcceso abierto
520 3 _aEl presente artículo busca mostrar la importancia de la filosofía en el acercamiento a la enseñanza del arte, especí- ficamente desde la perspectiva hermenéutico fenomenológica. Pensar el arte desde ésta implica no sólo entender la obra en sí misma, sino lo que la posibilita a ser y, por ende, a ser comprendida en el mundo. Así, acercarnos al arte implicaría necesariamente hacerlo a una comprensión basada en la alteridad y sensibilizarnos no sólo desde una perspectiva histórica, sino desde la condición y las pasiones humanas mismas.
650 4 _aHermenéutica
_95799
650 4 _aFenomenología
_97867
650 0 _aArte
_92457
650 4 _95327
_aFilosofía
653 0 _aEducación artística
653 0 _aDidáctica
773 _gAño 10, no. 26 (2017), p. 85-91
_tEutopía : revista del Colegio de Ciencias y Humanidades para el Bachillerato
_x1870-8137
856 4 _uhttps://www.revistas.unam.mx/index.php/eutopia/article/view/88768
902 _aGloria Jiménez/0624
905 _aArticulo
942 _cART-E
999 _c192147
_d192147